| 000 | 004320000a22001330004500 | ||
|---|---|---|---|
| 090 |
_aAS _bSeriadas |
||
| 245 | 1 | 0 | _aLista revisada de los erizos (Echinodermata: Echinoidea) del Mar Caribe colombiano |
| 041 | 0 | _aEspañol | |
| 700 | 1 |
_aSolano, Oscar David _999897 |
|
| 700 | 1 |
_aBenavides Serrato, Milena _999898 |
|
| 100 | 1 |
_aBorrero Pérez, Giomar Helena _999899 |
|
| 942 | _cARTICULO | ||
| 773 | 1 |
_tBiota Colombiana _h1 _q141-148 _d2002 _g3 |
|
| 999 |
_c15651 _d15651 |
||